[Event "Tarragona Province-chB"]
[Site "Tarragona"]
[Date "2008.04.26"]
[Round "2"]
[White "Velasco Morros, Amadeo"]
[Black "Valles Molada, David"]
[Result "0-1"]
[WhiteElo "1795"]
[BlackElo "1918"]
[PlyCount "142"]
[EventDate "2008.04.19"]
[EventType "swiss"]
[EventRounds "8"]
[EventCountry "ESP"]
[SourceTitle "EXT 2019"]
[Source "ChessBase"]
[SourceDate "2018.10.10"]
[SourceVersion "1"]
[SourceVersionDate "2018.10.10"]
[SourceQuality "1"]

1. g3 Nf6 2. Bg2 g6 3. Nf3 d6 4. 0-0 Bg7 5. d3 c6 6. c3 0-0 7. Re1 Qc7 8. Bd2 Re8 9. Qb3 e5 10. e4 Na6 11. d4 exd4 12. Nxd4 Bd7 13. Bf4 Nc5 14. Qc2 Nfxe4 15. Bxe4 Nxe4 16. Rxe4 Rxe4 17. Qxe4 Re8 18. Qd3 Re1+ 19. Kg2 Qc8 20. f3 Bxd4 21. cxd4 Bf5 22. Qd2 Rxb1 23. Rxb1 Bxb1 24. a3 d5 25. Bh6 Qd8 26. Qe1 Bf5 27. g4 Bd7 28. h4 Qe8 29. Qxe8+ Bxe8 30. Kg3 f6 31. Be3 Kf7 32. Bf4 Ke6 33. Kf2 Kd7 34. Ke2 b6 35. Kd3 c5 36. Kc3 Kc6 37. b3 Bd7 38. Be3 h5 39. gxh5 gxh5 40. f4 Bg4 41. Kd2 f5 42. Ke1 a5 43. Kd2 Bf3 44. Kc1 Be4 45. Kd2 c4 46. Kc3 cxb3 47. Kxb3 Bd3 48. Kc3 Bc4 49. Kb2 Kb5 50. Bd2 Ka4 51. Bc3 b5 52. Bd2 b4 53. axb4 axb4 54. Be3 Be2 55. Bd2 Kb5 56. Be3 Kc4 57. Bf2 Bd1 58. Be3 Ba4 59. Bf2 Kd3 60. Bg1 Ke4 61. Bf2 Kxf4 62. Kb1 Kf3 63. Be1 f4 64. Bxb4 Ke2 65. Bd6 f3 66. Bg3 f2 67. Bxf2 Kxf2 68. Kb2 Kg3 69. Kc1 Kxh4 70. Kd2 Kg3 71. Ke2 Kg2 0-1